000 00650nam a2200205Ia 4500
005 20230120110100.0
008 131103s9999 xx 000 0 und d
020 _a8171020542
_cRs.300
040 _aLoreto College
041 _aEnglish
082 _a950.01
_bCHA
100 _aChattopadhyaya,Debiprasad
245 _aHistory of science and technology in ancient India III
_b astronomy,science and society
_cDebiprasad Chattopadhyaya
260 _aCalcutta
_bFirma KLM Private Limited
_c1996
300 _axiv,100 p.
504 _aIncludes index,bibliography and appendix
650 _aAncient Indian History
850 _aLCLIB
942 _cBK
999 _c8917
_d59396